[Event "Camaguey Province-ch final"]
[Site "Camaguey"]
[Date "2018.10.19"]
[Round "12"]
[White "Rodriguez Turino, Ladislao"]
[Black "Elias Reyes, Jorge Roberto"]
[Result "1-0"]
[WhiteElo "2301"]
[BlackElo "2326"]
[PlyCount "75"]
[EventDate "2018.10.10"]
[EventType "tourn"]
[EventRounds "14"]
[EventCountry "CUB"]
[SourceTitle "EXT 2021"]
[Source "ChessBase"]
[SourceDate "2020.10.23"]
[SourceVersion "1"]
[SourceVersionDate "2020.10.23"]
[SourceQuality "1"]

1. e4 c5 2. Nf3 d6 3. d4 cxd4 4. Nxd4 Nf6 5. Bd3 Nc6 6. Ne2 g6 7. c4 Bg7 8. 0-0 0-0 9. Nbc3 Ne5 10. b3 Nxd3 11. Qxd3 Nd7 12. Bg5 h6 13. Bh4 Nc5 14. Qe3 g5 15. Bg3 f5 16. exf5 Bxf5 17. Rad1 Ne6 18. Nd5 Rf7 19. h4 Qf8 20. hxg5 hxg5 21. Bh2 Bh6 22. Ng3 g4 23. Qe2 Nf4 24. Nxf4 Bxf4 25. Nxf5 Bxh2+ 26. Kh1 Rxf5 27. Qxg4+ Kh7 28. Kxh2 Qh6+ 29. Kg1 Rf4 30. Qd7 Rh4 31. Qxe7+ Kh8 32. f3 Rg8 33. Kf2 Rh2 34. Rg1 Qg6 35. Kf1 Qf5 36. Qxd6 Rh4 37. Re1 Rh7 38. Qe5+ 1-0

[Event "Migoya Memorial tt"]
[Site "Camaguey"]
[Date "2018.09.24"]
[Round "3.2"]
[White "Rodriguez Turino, Ladislao"]
[Black "Perez Leiva, Jerzy Jesus"]
[Result "1/2-1/2"]
[WhiteElo "2301"]
[BlackElo "2308"]
[PlyCount "97"]
[EventDate "2018.09.20"]
[EventType "team-tourn"]
[EventRounds "10"]
[EventCountry "CUB"]
[SourceTitle "EXT 2021"]
[Source "ChessBase"]
[SourceDate "2020.10.23"]
[SourceVersion "1"]
[SourceVersionDate "2020.10.23"]
[SourceQuality "1"]

1. Nf3 g6 2. d4 Nf6 3. c4 Bg7 4. Nc3 0-0 5. g3 d6 6. Bg2 Nc6 7. 0-0 Bg4 8. h3 Bxf3 9. Bxf3 Nd7 10. e3 e5 11. dxe5 Ndxe5 12. Be2 Qd7 13. Kh2 Na5 14. Qc2 Qc6 15. b3 Nf3+ 16. Bxf3 Qxf3 17. Bb2 Nc6 18. Nd5 Rac8 19. Rae1 f5 20. Bxg7 Kxg7 21. e4 fxe4 22. Rxe4 Rce8 23. Qb2+ Ne5 24. Re3 Qf7 25. f4 Kg8 26. Qe2 c6 27. Nc3 Nd7 28. Ne4 d5 29. cxd5 cxd5 30. Ng5 Rxe3 31. Qxe3 Qf6 32. Qd2 d4 33. Re1 Rc8 34. Re4 h6 35. Nf3 Qf5 36. Qe2 d3 37. Qxd3 Nf6 38. Re3 Rc2+ 39. Kg1 Rc1+ 40. Kf2 Rc2+ 41. Ke1 Qxd3 42. Rxd3 Rxa2 43. Rd8+ Kg7 44. g4 Ra6 45. g5 hxg5 46. fxg5 Re6+ 47. Kf1 Ng8 48. Rd7+ Re7 49. Rd6 1/2-1/2

[Event "Camaguey Confraternidad-B"]
[Site "Camaguey"]
[Date "2017.12.01"]
[Round "8.2"]
[White "La Villa Rivas, Marlon Javier"]
[Black "Rodriguez Turino, Ladislao"]
[Result "0-1"]
[WhiteElo "2257"]
[BlackElo "2242"]
[PlyCount "54"]
[EventDate "2017.11.28"]
[EventType "tourn"]
[EventRounds "10"]
[EventCountry "CUB"]
[EventCategory "2"]
[SourceTitle "EXT 2023"]
[Source "ChessBase"]
[SourceDate "2022.10.05"]
[SourceVersion "1"]
[SourceVersionDate "2022.10.05"]
[SourceQuality "1"]

1. e4 e5 2. Nf3 Nc6 3. Bb5 a6 4. Ba4 Nf6 5. 0-0 b5 6. Bb3 Be7 7. Re1 d6 8. c3 0-0 9. h3 Bb7 10. d4 Re8 11. Nbd2 Bf8 12. a4 h6 13. d5 Ne7 14. Nf1 c6 15. dxc6 Bxc6 16. Ng3 Ng6 17. Qc2 Qb6 18. axb5 axb5 19. Rxa8 Rxa8 20. h4 Qb7 21. h5 Nf4 22. Nd4 Ra1 23. Nxc6 Qxc6 24. Bd2 Rxe1+ 25. Bxe1 Qa8 26. Bd2 Qa1+ 27. Kh2 Ng4# 0-1

[Event "Camaguey Confraternidad-B"]
[Site "Camaguey"]
[Date "2017.11.30"]
[Round "6.3"]
[White "Duarte Napoles, Fanny"]
[Black "Rodriguez Turino, Ladislao"]
[Result "1/2-1/2"]
[WhiteElo "2275"]
[BlackElo "2242"]
[PlyCount "40"]
[EventDate "2017.11.28"]
[EventType "tourn"]
[EventRounds "10"]
[EventCountry "CUB"]
[EventCategory "2"]
[SourceTitle "EXT 2023"]
[Source "ChessBase"]
[SourceDate "2022.10.05"]
[SourceVersion "1"]
[SourceVersionDate "2022.10.05"]
[SourceQuality "1"]

1. d4 d5 2. Nf3 e6 3. Bf4 Nf6 4. c3 Nh5 5. Be5 Nd7 6. e3 Nxe5 7. dxe5 g6 8. Nbd2 Be7 9. Qc2 0-0 10. g4 Ng7 11. h4 f5 12. gxf5 gxf5 13. 0-0-0 Bd7 14. Be2 Be8 15. Rdg1 Bf7 16. Qa4 Kh8 17. Qf4 Nh5 18. Qh6 Rg8 19. Rxg8+ Qxg8 20. Ng5 Bg6 1/2-1/2

[Event "Camaguey Confraternidad-B"]
[Site "Camaguey"]
[Date "2017.11.29"]
[Round "3.2"]
[White "Rodriguez Turino, Ladislao"]
[Black "La Villa Rivas, Marlon Javier"]
[Result "1-0"]
[WhiteElo "2242"]
[BlackElo "2257"]
[PlyCount "51"]
[EventDate "2017.11.28"]
[EventType "tourn"]
[EventRounds "10"]
[EventCountry "CUB"]
[EventCategory "2"]
[SourceTitle "EXT 2023"]
[Source "ChessBase"]
[SourceDate "2022.10.05"]
[SourceVersion "1"]
[SourceVersionDate "2022.10.05"]
[SourceQuality "1"]

1. Nf3 Nf6 2. b3 e6 3. Bb2 Be7 4. e3 b6 5. d4 Bb7 6. Bd3 0-0 7. 0-0 Ne4 8. Nfd2 f5 9. Bxe4 fxe4 10. Qg4 Qe8 11. Nc3 h5 12. Qg3 Bd6 13. Qh3 Qg6 14. a3 Be7 15. Ne2 h4 16. Nf4 Qg5 17. c4 Na6 18. Rad1 Rf7 19. d5 exd5 20. cxd5 Bxd5 21. Nf3 exf3 22. Rxd5 Qh6 23. Qxf3 Rd8 24. Rh5 Qc6 25. Qxc6 dxc6 26. Ng6 1-0

[Event "Guillermo Garcia Memorial op 26th"]
[Site "Santa Clara"]
[Date "2017.05.19"]
[Round "4"]
[White "Rodriguez Turino, Ladislao"]
[Black "Leon Valdes, Jony Wilson"]
[Result "0-1"]
[WhiteElo "2299"]
[BlackElo "2374"]
[PlyCount "94"]
[EventDate "2017.05.16"]
[EventType "swiss"]
[EventRounds "9"]
[EventCountry "CUB"]
[SourceTitle "CBM 178 Extra"]
[Source "ChessBase"]
[SourceDate "2017.06.22"]
[SourceVersion "1"]
[SourceVersionDate "2017.06.22"]
[SourceQuality "1"]

1. Nf3 e6 2. g3 b6 3. Bg2 Bb7 4. 0-0 Nf6 5. b3 g6 6. Ba3 d6 7. c4 Bg7 8. Nc3 0-0 9. Qc2 Nbd7 10. d4 Re8 11. Rad1 d5 12. Nd2 a6 13. e4 dxe4 14. Ndxe4 Ra7 15. Rfe1 Nxe4 16. Bxe4 Bxe4 17. Qxe4 Qa8 18. Qh4 c5 19. Ne2 cxd4 20. Nxd4 Ne5 21. Qf4 f6 22. Qe3 Rd7 23. f4 Nf7 24. Nf3 Rxd1 25. Rxd1 Qb7 26. Rd3 e5 27. Rd5 b5 28. Nd2 Qc6 29. fxe5 Nxe5 30. Rd6 Qc8 31. Qe4 Nf7 32. Qd5 Re5 33. Rc6 Qe8 34. Qg2 Re2 35. Qxe2 Qxe2 36. Rc8+ Bf8 37. Bxf8 Ne5 38. cxb5 Kf7 39. Bb4 Ng4 40. Rc7+ Kg8 41. Rc8+ Kg7 42. Rc7+ Kh6 43. Bf8+ Kh5 44. Rxh7+ Kg5 45. Bb4 Ne3 46. Ne4+ Kf5 47. Nd6+ Ke6 0-1

[Event "Guillermo Garcia Memorial op 26th"]
[Site "Santa Clara"]
[Date "2017.05.16"]
[Round "1"]
[White "Perez Marimon, Jorge De Jesus"]
[Black "Rodriguez Turino, Ladislao"]
[Result "0-1"]
[WhiteElo "2090"]
[BlackElo "2299"]
[PlyCount "58"]
[EventDate "2017.05.16"]
[EventType "swiss"]
[EventRounds "9"]
[EventCountry "CUB"]
[SourceTitle "CBM 178 Extra"]
[Source "ChessBase"]
[SourceDate "2017.06.22"]
[SourceVersion "1"]
[SourceVersionDate "2017.06.22"]
[SourceQuality "1"]

1. e4 c5 2. Nf3 e6 3. d4 cxd4 4. Nxd4 Nc6 5. Nc3 a6 6. Be3 Qc7 7. Qf3 b5 8. 0-0-0 Bb7 9. Nxc6 Qxc6 10. Bd3 Nf6 11. e5 b4 12. Qxc6 Bxc6 13. Ne2 Nd5 14. Bd4 Be7 15. f3 0-0 16. Be4 a5 17. c4 bxc3 18. Nxc3 a4 19. Nxd5 exd5 20. Bd3 d6 21. Rhe1 dxe5 22. Bxe5 Bc5 23. Kb1 Bb6 24. Rc1 Bd7 25. Bc7 Ba7 26. Re7 Be6 27. Be5 Rfe8 28. Rxe8+ Rxe8 29. Bb5 Bf5+ 0-1

[Event "Chessung Gp2"]
[Site "Guantanamo"]
[Date "2017.02.17"]
[Round "3.1"]
[White "Rodriguez Turino, Ladislao"]
[Black "Lavigne Lopez, Raul Leonardo"]
[Result "1/2-1/2"]
[WhiteElo "2188"]
[BlackElo "2177"]
[PlyCount "40"]
[EventDate "2017.02.16"]
[EventType "tourn"]
[EventRounds "10"]
[EventCountry "CUB"]
[SourceTitle "EXT 2023"]
[Source "ChessBase"]
[SourceDate "2022.10.05"]
[SourceVersion "1"]
[SourceVersionDate "2022.10.05"]
[SourceQuality "1"]

1. Nf3 c5 2. g3 e6 3. Bg2 d5 4. 0-0 Nc6 5. d4 Nf6 6. c4 Be7 7. cxd5 Nxd5 8. Nc3 Nxc3 9. bxc3 0-0 10. Bf4 Qa5 11. Qb3 Rd8 12. Rfd1 cxd4 13. Nxd4 Nxd4 14. cxd4 Bd6 15. Rac1 Bxf4 16. gxf4 Rb8 17. d5 Qa6 18. Rd3 exd5 19. Bxd5 Be6 20. Bxe6 Qxe6 1/2-1/2

[Event "Chessung Gp2"]
[Site "Guantanamo"]
[Date "2017.02.16"]
[Round "1.2"]
[White "Rodriguez Turino, Ladislao"]
[Black "Suarez Aguilera, Omar Eduardo"]
[Result "1-0"]
[WhiteElo "2188"]
[BlackElo "2098"]
[PlyCount "127"]
[EventDate "2017.02.16"]
[EventType "tourn"]
[EventRounds "10"]
[EventCountry "CUB"]
[SourceTitle "EXT 2023"]
[Source "ChessBase"]
[SourceDate "2022.10.05"]
[SourceVersion "1"]
[SourceVersionDate "2022.10.05"]
[SourceQuality "1"]

1. Nf3 d5 2. g3 e6 3. Bg2 f5 4. 0-0 c6 5. d3 Nf6 6. Nbd2 Be7 7. b3 0-0 8. Bb2 Nbd7 9. c4 Bd6 10. e4 fxe4 11. dxe4 Nxe4 12. Nxe4 dxe4 13. Ng5 Qxg5 14. Qxd6 Nf6 15. Rae1 a5 16. Bxf6 Qxf6 17. Rxe4 Rd8 18. Qc5 Qf8 19. Qe3 a4 20. Rd4 axb3 21. axb3 Rxd4 22. Qxd4 Qf6 23. Qxf6 gxf6 24. Rd1 Kf7 25. Rd8 e5 26. Bf3 Ke7 27. Rg8 Kf7 28. Rh8 Ra1+ 29. Kg2 Bf5 30. Rb8 Ra7 31. b4 Bd3 32. c5 f5 33. Bh5+ Kg7 34. g4 f4 35. g5 e4 36. Re8 Ra1 37. Re7+ Kg8 38. h4 Rb1 39. g6 hxg6 40. Bxg6 Rxb4 41. h5 f3+ 42. Kh2 e3 43. Bxd3 e2 44. h6 Rh4+ 45. Kg3 Rh1 46. h7+ Kh8 47. Re8+ Kg7 48. Kxf3 e1N+ 49. Ke2 Nxd3 50. h8Q+ Rxh8 51. Rxh8 Nc1+ 52. Kd1 Kxh8 53. Kxc1 Kg7 54. Kc2 Kf6 55. Kc3 Ke5 56. Kb4 Kd5 57. f4 Kd4 58. f5 Kd5 59. f6 Ke6 60. Ka5 Kxf6 61. Kb6 Ke7 62. Kxb7 Kd7 63. Kb6 Kd8 64. Kxc6 1-0

[Event "CUB-ch sf"]
[Site "Santa Clara"]
[Date "2010.11.15"]
[Round "9"]
[White "Rodriguez Turino, Ladislao"]
[Black "Sanchez Alvarez, Roberto Carlos"]
[Result "0-1"]
[WhiteElo "2213"]
[BlackElo "2307"]
[PlyCount "68"]
[EventDate "2010.11.07"]
[EventType "tourn"]
[EventRounds "13"]
[EventCountry "CUB"]
[EventCategory "4"]
[SourceTitle "CBM 139 Extra"]
[Source "ChessBase"]
[SourceDate "2011.01.05"]
[SourceVersion "1"]
[SourceVersionDate "2011.01.05"]
[SourceQuality "1"]

1. e4 c5 2. Nf3 d6 3. d4 cxd4 4. Nxd4 Nf6 5. Nc3 a6 6. g3 e5 7. Nb3 Be7 8. Bg2 0-0 9. 0-0 b5 10. Re1 Bb7 11. Nd2 b4 12. Nd5 Nxd5 13. exd5 Nd7 14. Nc4 Rc8 15. b3 Nb6 16. Ne3 f5 17. Bh3 f4 18. Be6+ Kh8 19. Ng2 Rc5 20. gxf4 Nxd5 21. fxe5 Qb6 22. Bxd5 Rxd5 23. Be3 Qc6 24. Qg4 dxe5 25. Rad1 Rxd1 26. Rxd1 Rf6 27. Bg5 Rg6 28. Bxe7 h6 29. Qh3 Rxg2+ 30. Kf1 Rg1+ 31. Ke2 Qxc2+ 32. Rd2 Qe4+ 33. Qe3 Qg4+ 34. f3 Bxf3+ 0-1

[Event "Camaguey Juegos del Alba 3rd prelim"]
[Site "Camaguey"]
[Date "2009.04.16"]
[Round "2"]
[White "Blanco Ronquillo, Humberto L"]
[Black "Rodriguez Turino, Ladislao"]
[Result "1-0"]
[WhiteElo "2440"]
[BlackElo "2252"]
[PlyCount "75"]
[EventDate "2009.04.15"]
[EventType "team-tourn"]
[EventRounds "5"]
[EventCountry "CUB"]
[SourceTitle "EXT 2019"]
[Source "ChessBase"]
[SourceDate "2018.10.10"]
[SourceVersion "1"]
[SourceVersionDate "2018.10.10"]
[SourceQuality "1"]
[WhiteTeam "Cuba"]
[BlackTeam "Camaguey"]
[WhiteTeamCountry "CUB"]
[BlackTeamCountry "CUB"]

1. e4 c5 2. Nf3 e6 3. d4 cxd4 4. Nxd4 Nf6 5. Bd3 Nc6 6. Nxc6 bxc6 7. 0-0 d5 8. Nd2 Be7 9. c4 0-0 10. Qc2 g6 11. Re1 a5 12. Nf3 Ba6 13. Bg5 Re8 14. Rad1 dxe4 15. Bxe4 Qc7 16. Qc3 Nxe4 17. Rxe4 Bf8 18. Bf6 Be7 19. Be5 Qb7 20. Bh8 Bf8 21. Bf6 Be7 22. Ng5 Rad8 23. Rde1 Bxf6 24. Qxf6 h6 25. Nxe6 fxe6 26. Rg4 g5 27. Qxh6 Rd7 28. Rxg5+ Rg7 29. Re3 Ree7 30. Rh5 c5 31. Rg3 Rxg3 32. Qh8+ Kf7 33. Rh7+ Kg6 34. Rh6+ Kf5 35. Qf6+ Ke4 36. Rh4+ Kd3 37. Qc3+ Ke2 38. Qc2+ 1-0